Îles d'Asie de l'Est sur une carte - Statistiques

Statistiques générales
  • Ce quiz a été pris 13 192 fois
  • Le résultat moyen est 4 sur 10
Réponses sur la Carte
Les réponses sont colorées sur une échelle allant du rouge au vert en fonction du pourcentage des utilisateurs qui les ont devinées à leur premier essai. Vous pouvez retrouver ces pourcentages ci-dessous.
 
Statistiques - réponses
Îles % Correct
Taïwan
96%
Hong Kong
61%
Hokkaidō
50%
Honshū
43%
Okinawa
33%
Kyūshū
28%
Hainan
24%
Sakhaline
24%
Jeju
22%
Shikoku
21%
Aucun quiz correspondant
Distribution des résultats
% des personnes avec chaque résultat
Percentile par nombre de réponses
Votre historique - résultats
Vous n’avez pas pris ce quiz